Bureaucracy for public or hostages of power / (Record no. 10321)

MARC details
000 -LEADER
fixed length control field 00688 a2200205 4500
010 ## - LIBRARY OF CONGRESS CONTROL NUMBER
LC control number ENG-89233
020 ## - INTERNATIONAL STANDARD BOOK NUMBER
International Standard Book Number 8181980271
Terms of availability 395.00
035 ## - SYSTEM CONTROL NUMBER
System control number EN-72766
037 ## - SOURCE OF ACQUISITION
Source of stock number/acquisition DBAD / PUB
082 14 - DEWEY DECIMAL CLASSIFICATION NUMBER
Classification number 350.001
090 ## - LOCALLY ASSIGNED LC-TYPE CALL NUMBER (OCLC); LOCAL CALL NUMBER (OCLC)
-- 10604
-- 10604
100 1# - MAIN ENTRY--PERSONAL NAME
Personal name Saxena, K.K.
245 1# - TITLE STATEMENT
Title Bureaucracy for public or hostages of power /
Statement of responsibility, etc by K.K. Saxena
260 ## - PUBLICATION, DISTRIBUTION, ETC. (IMPRINT)
Place of publication, distribution, etc Jaipur
Name of publisher, distributor, etc University Book House
Date of publication, distribution, etc 2007
270 ## - ADDRESS
Address 79, Chaura Rasta, Jaipur
City Jaipur
Postal code 302 003
300 ## - PHYSICAL DESCRIPTION
Extent v, 128p.
Dimensions 22cm (Hb)
500 ## - GENERAL NOTE
General note Includes bibliographical references and index
942 ## - ADDED ENTRY ELEMENTS (KOHA)
Institution code [OBSOLETE] dpl
Koha item type English Books
Call number prefix 350.001 / SAX
Holdings
Withdrawn status Lost status Source of classification or shelving scheme Damaged status Not for loan Collection code Home library Current library Source of acquisition Cost, normal purchase price Total Checkouts Full call number Barcode Date last seen Copy number Uniform Resource Identifier Cost, replacement price Price effective from Koha item type
    Dewey Decimal Classification   Not For Loan Non-fiction D.B.Act.Division D.B.Act.Division DBAD/PUB 395.00   350.001 SAX EN-72766 15/09/2008 1 11359 395.00 15/09/2008 English Books

© Delhi Public Library
Hit Counter
free hit counter